000 00887nam a2200229 a 4500
001 BRCA_1897
005 20190320203608.0
008 930218s1992 it-a---##b---#001-0#ita-#
040 _aDLC
_cDLC
_dDLC
050 4 _aNK4083
_b.C44 1992
100 1 _aCefariello Grosso, Gilda
_95855
245 1 0 _aCeramiche del ´Modern Style´
_cGilda Cefariello Grosso.
260 _aFaenza
_bBanca del Monte e Cassa di Risparmio
_c1992
300 _a233 p.
_bil. (algunas a color)
_c26 cm.
440 0 _aCatalogo generale delle raccolte a cura di Gian Carlo Bojani
_v7
_95856
500 _aIncluye índice de nombres y referencias fotográficas
504 _aBibliografía : p. 211-228
610 2 4 _aMuseo Internazionale delle Ceramiche (Faenza, Italia)
_vCatálogos
_95857
650 1 4 _aCerámica europea
_vCatálogos
_ySiglo XX
_95858
650 1 4 _aCerámica
_vCatálogos
_zItalia
_95859
942 _2lcc
_cB
999 _c1671
_d1671